First certificate in English : past examination papers, December 1998 (0100 Tuesday)

Korporativní autor: University of Cambridge. ESOL Examinations
Jazyk: Angličtina
Vydáno: Cambridge : University of Cambridge, 1999
Edice: Cambridge English as a foreign language
FCE past examination papers
Témata:
FCE
Fyzický popis: [68] s. : il. + 1 kazeta v souboru
Knihy
Uloženo v:
LEADER 00978nam a2200277 4500
001 000989984
003 CZ BrMZK
005 20100203123232.0
007 ta
008 010825s1999 enka er eng
040 |a BOA001  |b cze 
080 9 |a 811.111 
245 0 0 |a First certificate in English :  |b past examination papers, December 1998 (0100 Tuesday) 
246 3 3 |a FCE past examination papers, December 1998 
260 |a Cambridge :  |b University of Cambridge,  |c 1999 
300 |a [68] s. :  |b il. +  |e 1 kazeta v souboru 
490 1 |a Cambridge English as a foreign language 
490 1 |a FCE past examination papers 
500 |a Chybí titulní list, údaje vzaty z obálky a tiráže 
653 |a FCE 
710 2 |a University of Cambridge.  |b ESOL Examinations  |7 xx0073568 
830 0 |a Cambridge English as a foreign language 
830 0 |a FCE past examination papers 
910 |a BOA001  |x XF 
990 |a BK 
991 |b 201002  |y British Council Brno - Czech Republic  |z 000038546  |x 99